| 000 | 00663nam a22001937a 4500 | ||
|---|---|---|---|
| 003 | OSt | ||
| 005 | 20260115012757.0 | ||
| 008 | 260115b |||||||| |||| 00| 0 eng d | ||
| 020 | _a0-324-06759-3 | ||
| 040 |
_aDWCL-Admin lib _cOC |
||
| 082 | _aCirc. 658.1511 M311 2002 | ||
| 100 | _aW. Stave .. Albrecht | ||
| 245 |
_aManagement Accounting / _cW. Stave .. Albrecht |
||
| 260 |
_aCincinnati, _bOhio:South-Western Thomson Learning |
||
| 300 |
_a xiii, mll-1 p., _c28 cm. |
||
| 504 | _aincludes bibliographical references and indexes. | ||
| 651 | _a1. Managerial accounting. I. Albrecht, W. Steve. II. Title. | ||
| 942 |
_2ddc _cBK-CIRC _e 2nd ed. _hCirc. _n0 |
||
| 999 |
_c7392 _d7392 |
||